Famiglie alla ricerca di Dio. (Record n. 359852)
[ formato base ]
| 000 -LEADER | |
|---|---|
| campo di controllo lung. fissa | 01594nam a22002057a 4500 |
| 003 - Identificatore del numero di controllo | |
| campo di controllo | IT-MiCISF |
| 005 - Data e orario dell'ultima transazione | |
| campo di controllo | 20231004141630.0 |
| 008 - Elementi di lunghezza fissa--Informazione generale | |
| campo di controllo lung. fissa | 231004b |||||||| |||| 00| 0 eng d |
| 040 ## - Fonte della catalogazione | |
| Agenzia che fa la trascrizione | IT-MiCISF |
| 041 ## - Codice di lingua | |
| Codice di lingua del testo/traccia sonora o titolo separato | it |
| 100 ## - Accesso principale -- nome di persona | |
| Nome di persona | Bordeyne Philippe |
| 9 (RLIN) | 60262 |
| 245 ## - Formulazione del titolo | |
| Titolo | Famiglie alla ricerca di Dio. |
| Complemento del titolo | Orientamenti teologici e pastorali per i tempi nuovi |
| 260 ## - Pubblicazione, distribuzione, ecc. (stampa) | |
| Luogo di pubblicazione, distribuzione, ecc. | Roma, |
| Nome dell'editore, distributore, ecc. | Studium, |
| Data di pubblicazione, distribuzione, ecc. | 2023 |
| 300 ## - Descrizione fisica | |
| Estensione | pp. 151 |
| 500 ## - Nota generale | |
| Nota generale | pastorale-familiare, spiritualità-coniugale, amoris-laetitia, teologia, chiesa, società, cambiamento |
| 520 ## - Riassunto, ecc. | |
| Nota di riassunto, ecc. | Oggi non è più possibile affidarsi a una teologia e a una pastorale del matrimonio come quelle praticate fino ad ora. Occorre avere il coraggio di percorrere altre strade a partire dall'esperienza etica e spirituale delle coppie, delle famiglie e degli operatori pastorali coinvolti nel loro cammino. Tale percorso può fondarsi sul cammino sinodale che sta vivendo la Chiesa in tutto il mondo. In questo libro stimolante, Philippe Bordeyne mette a fuoco il contesto sociale e culturale in cui le persone costruiscono le loro relazioni affettive e familiari, per individuare le opportunità di una proposta credibile del messaggio cristiano sull'amore umano. In questa direzione vengono messe in luce le risorse pedagogiche delle famiglie, le risorse liturgiche di cui dispongono le comunità cristiane e infine le risorse spirituali che i battezzati, e tutti coloro che sono alla ricerca di Dio, possono fare proprie nel tessuto quotidiano della vita familiare. |
| 650 ## - Accesso aggiunto di soggetto--termine topico | |
| Termine topico o nome geografico come accesso | pastorale-familiare |
| 654 ## - Accesso aggiunto di soggetto--termini topici faccettati | |
| Termine principale | saggio |
| 942 ## - Dati aggiuntivi (Koha) | |
| Fonte della classificazione o dello schema di collocazione (segnatura) | Dewey Decimal Classification |
| Tipo copia default (Koha) | LIBRO |
| Ritirato (status) | Perso (status) | Fonte della classificazione o dello schema di collocazione (segnatura) | Danneggiato (status) | Non per il presito | Biblioteca proprietaria | Biblioteca in cui si trova | Data d'acquisizione | Totale prestiti | Collocazione | Codice a barre | Data ultima operazione | Prezzo in vigore dal | Tipo copia default (Koha) |
|---|---|---|---|---|---|---|---|---|---|---|---|---|---|
| Dewey Decimal Classification | Buone Condizioni | Not For Loan | CISF - Milano | CISF - Milano | 04/10/2023 | A2432 | 9788838253041 | 04/10/2023 | 04/10/2023 | LIBRO |